[Event "British Rapidplay"]
[Site "Peterborough"]
[Date "2024.03.03"]
[Round "11"]
[White "Ashton, Adam"]
[Black "Zhao, George"]
[Result "1-0"]
[WhiteElo "2282"]
[BlackElo "1851"]
[PlyCount "121"]
[EventDate "2024.03.02"]
[EventType "swiss (rapid)"]
[EventRounds "11"]
[EventCountry "ENG"]
[SourceTitle "CB10_2024"]
[SourceDate "2024.03.06"]
[SourceVersion "1"]
[SourceVersionDate "2024.03.06"]
[SourceQuality "1"]

1. e4 e6 2. d4 d5 3. Nc3 dxe4 4. Nxe4 Nd7 5. Nf3 Ngf6 6. Nxf6+ Nxf6 7. c3 c5 8. Ne5 a6 9. Be3 cxd4 10. Bxd4 Be7 11. Bd3 0-0 12. 0-0 Bd7 13. Qf3 Qc7 14. Rad1 Rfd8 15. Rfe1 Rac8 16. Qh3 g6 17. Nxd7 Nxd7 18. Bc2 Bf6 19. Bxf6 Nxf6 20. Qf3 Kg7 21. Bb3 b6 22. h3 a5 23. Qe3 Rxd1 24. Rxd1 Rd8 25. Rxd8 Qxd8 26. Qe5 h6 27. Qe3 Qc7 28. Qd4 Qb7 29. Bd1 Qd5 30. Qxd5 Nxd5 31. Bf3 Nf4 32. b4 axb4 33. cxb4 Kf6 34. a4 Nd3 35. a5 Nxb4 36. axb6 Ke7 37. b7 Na6 38. Be2 Nb8 39. Bb5 e5 40. Kf1 g5 41. Ke2 f5 42. Ke3 Kd6 43. g4 fxg4 44. hxg4 Kc7 45. Ke4 Kxb7 46. Kxe5 Kb6 47. Be8 Kc5 48. Kf5 Kd4 49. Bb5 Kd5 50. Kg6 Ke4 51. Kxh6 Kf4 52. Kh5 Kf3 53. Kxg5 Kxf2 54. Kf4 Kg2 55. g5 Kh3 56. g6 Nd7 57. Bxd7+ Kh2 58. g7 Kh1 59. g8Q Kh2 60. Kf3 Kh1 61. Qg2# 1-0

[Event "ENG Clubs"]
[Site "Hull"]
[Date "2023.10.22"]
[Round "4.5"]
[White "Ashton, Adam"]
[Black "Sterck, Arno"]
[Result "1/2-1/2"]
[WhiteElo "2277"]
[BlackElo "2275"]
[PlyCount "95"]
[EventDate "2023.10.20"]
[EventType "team-tourn"]
[EventRounds "5"]
[EventCountry "ENG"]
[SourceTitle "Mega2024 Update 01"]
[Source "Chessbase"]
[SourceDate "2023.11.12"]
[SourceVersion "1"]
[SourceVersionDate "2023.11.12"]
[SourceQuality "1"]
[WhiteTeam "3CS Oldham"]
[BlackTeam "Heffalump Hunters"]
[WhiteTeamCountry "ENG"]
[BlackTeamCountry "ENG"]

1. e4 e5 2. Nf3 Nc6 3. Bb5 a6 4. Ba4 Bc5 5. c3 Nge7 6. 0-0 Ba7 7. d4 Ng6 8. Bg5 f6 9. Be3 0-0 10. Re1 d6 11. h3 Kh8 12. Nbd2 Bd7 13. Nf1 Qe8 14. Bc2 Nd8 15. d5 Bxe3 16. Nxe3 Nf4 17. Kh2 Nf7 18. Ng1 Nh6 19. g3 Ng6 20. Qh5 Ne7 21. Qxe8 Raxe8 22. Rad1 f5 23. exf5 Nhxf5 24. Kg2 Nxe3+ 25. Rxe3 Rf6 26. Rd2 c6 27. c4 cxd5 28. cxd5 Rc8 29. Be4 Rc5 30. Ne2 Rf8 31. f4 Nf5 32. Bxf5 Rxf5 33. fxe5 Rxe5 34. Rxe5 dxe5 35. Kf3 Kg8 36. Ke4 Bxh3 37. Kxe5 Kf7 38. Nd4 Bg4 39. Kd6 Rc8 40. Rf2+ Ke8 41. Ne6 Bxe6 42. Kxe6 Rc1 43. Kd6 Rc4 44. Re2+ Kd8 45. Rf2 Ke8 46. Re2+ Kd8 47. Rf2 Ke8 48. Re2+ 1/2-1/2

[Event "ENG Clubs"]
[Site "Hull"]
[Date "2023.10.22"]
[Round "5.1"]
[White "Sterck, Arno"]
[Black "Ashton, Adam"]
[Result "0-1"]
[WhiteElo "2275"]
[BlackElo "2277"]
[PlyCount "98"]
[EventDate "2023.10.20"]
[EventType "team-tourn"]
[EventRounds "5"]
[EventCountry "ENG"]
[SourceTitle "Mega2024 Update 01"]
[Source "Chessbase"]
[SourceDate "2023.11.12"]
[SourceVersion "1"]
[SourceVersionDate "2023.11.12"]
[SourceQuality "1"]
[WhiteTeam "Heffalump Hunters"]
[BlackTeam "3CS Oldham"]
[WhiteTeamCountry "ENG"]
[BlackTeamCountry "ENG"]

1. Nf3 d5 2. e3 Nf6 3. b3 Bg4 4. Bb2 Nbd7 5. d4 e6 6. Nbd2 Be7 7. Bd3 c5 8. 0-0 0-0 9. Qe1 Rc8 10. Ne5 Nxe5 11. dxe5 Nd7 12. h3 Bh5 13. e4 Qb6 14. c4 Bg6 15. Qe2 dxe4 16. Nxe4 Rcd8 17. Rad1 Nb8 18. Nf6+ gxf6 19. exf6 Bd6 20. h4 Bxd3 21. Rxd3 Kh8 22. Rfd1 Rg8 23. Qh5 Qc7 24. Bc1 Nc6 25. Bh6 Bf8 26. Rxd8 Nxd8 27. Bxf8 Rxf8 28. Rd3 Rg8 29. Qd1 Nc6 30. Rd7 Qf4 31. Rxf7 Ne5 32. Rxh7+ Kxh7 33. Qh5+ Qh6 34. Qxe5 Qg6 35. g3 Rf8 36. Qxc5 Qxf6 37. Qxa7 Rf7 38. Qe3 Qf3 39. Qd4 e5 40. Qd2 e4 41. c5 e3 42. Qxe3 Qxe3 43. fxe3 Rf3 44. Kg2 Rxe3 45. b4 Ra3 46. b5 Rxa2+ 47. Kf3 Rc2 48. c6 bxc6 49. bxc6 Rxc6 0-1

[Event "ENG Clubs"]
[Site "Hull"]
[Date "2023.10.21"]
[Round "2.1"]
[White "Ashton, Adam"]
[Black "Stoyanov, Viktor"]
[Result "1/2-1/2"]
[WhiteElo "2277"]
[BlackElo "2304"]
[PlyCount "48"]
[EventDate "2023.10.20"]
[EventType "team-tourn"]
[EventRounds "5"]
[EventCountry "ENG"]
[SourceTitle "Mega2024 Update 01"]
[Source "Chessbase"]
[SourceDate "2023.11.12"]
[SourceVersion "1"]
[SourceVersionDate "2023.11.12"]
[SourceQuality "1"]
[WhiteTeam "3CS Oldham"]
[BlackTeam "Warwick Univ"]
[WhiteTeamCountry "ENG"]
[BlackTeamCountry "ENG"]

1. e4 c5 2. Nf3 Nc6 3. Bb5 d6 4. 0-0 Bd7 5. Re1 a6 6. Bf1 Bg4 7. c3 e6 8. d4 Bxf3 9. gxf3 Qh4 10. Be3 Nf6 11. Qb3 Rb8 12. Nd2 Be7 13. Rad1 0-0 14. Bg2 Nh5 15. d5 exd5 16. Qxd5 Nf4 17. Bxf4 Qxf4 18. Nc4 Rfd8 19. Qd2 Qh4 20. f4 b5 21. Na3 Rbc8 22. Nc2 Bf8 23. Qe3 Qh6 24. Qg3 Ne7 1/2-1/2

[Event "GBR-ch 109th"]
[Site "Leicester"]
[Date "2023.07.30"]
[Round "9"]
[White "Jackson, Edward"]
[Black "Ashton, Adam"]
[Result "1/2-1/2"]
[WhiteElo "1942"]
[BlackElo "2314"]
[PlyCount "49"]
[EventDate "2023.07.22"]
[EventType "swiss"]
[EventRounds "9"]
[EventCountry "ENG"]
[SourceTitle "CBM 215 Extra"]
[Source "ChessBase"]
[SourceDate "2023.09.30"]
[SourceVersion "1"]
[SourceVersionDate "2023.09.30"]
[SourceQuality "1"]

1. e4 e5 2. Nf3 Nc6 3. Bb5 a6 4. Ba4 Nf6 5. 0-0 Be7 6. Re1 b5 7. Bb3 0-0 8. a4 Bb7 9. d3 d5 10. axb5 axb5 11. Rxa8 Bxa8 12. Nc3 dxe4 13. dxe4 Bb4 14. Qe2 Nd4 15. Nxd4 exd4 16. Rd1 Bxc3 17. bxc3 Nxe4 18. Bb2 c5 19. Qxb5 Qg5 20. Qf1 dxc3 21. Bc1 Nd2 22. Bxd2 cxd2 23. f4 Qe7 24. Rxd2 h6 25. h3 1/2-1/2

[Event "GBR-ch 109th"]
[Site "Leicester"]
[Date "2023.07.25"]
[Round "4"]
[White "Ashton, Adam"]
[Black "Eggleston, David"]
[Result "0-1"]
[WhiteElo "2314"]
[BlackElo "2358"]
[PlyCount "62"]
[EventDate "2023.07.22"]
[EventType "swiss"]
[EventRounds "9"]
[EventCountry "ENG"]
[SourceTitle "CBM 215 Extra"]
[Source "ChessBase"]
[SourceDate "2023.09.30"]
[SourceVersion "1"]
[SourceVersionDate "2023.09.30"]
[SourceQuality "1"]

1. e4 c5 2. c3 Nf6 3. e5 Nd5 4. Nf3 Nc6 5. Bc4 e6 6. d4 cxd4 7. cxd4 d6 8. 0-0 Be7 9. Qe2 0-0 10. Nc3 Nxc3 11. bxc3 dxe5 12. dxe5 Qa5 13. Bd2 Rd8 14. Rfe1 b6 15. Bb3 Ba6 16. Qe4 Rac8 17. Bc2 g6 18. h4 Rxd2 19. Nxd2 Qxc3 20. Nf3 Nb4 21. Bb3 Nd3 22. Red1 Bc5 23. Qa4 Bxf2+ 24. Kh2 Nc5 25. Qf4 Be3 26. Qf6 Ne4 27. Rd8+ Rxd8 28. Qxd8+ Kg7 29. Re1 Qc5 30. Rxe3 Qxe3 31. Bc2 Qf4+ 0-1

[Event "GBR-ch 109th"]
[Site "Leicester"]
[Date "2023.07.24"]
[Round "3"]
[White "Szekely, Balazs Virgil"]
[Black "Ashton, Adam"]
[Result "0-1"]
[WhiteElo "1957"]
[BlackElo "2314"]
[PlyCount "80"]
[EventDate "2023.07.22"]
[EventType "swiss"]
[EventRounds "9"]
[EventCountry "ENG"]
[SourceTitle "CBM 215 Extra"]
[Source "ChessBase"]
[SourceDate "2023.09.30"]
[SourceVersion "1"]
[SourceVersionDate "2023.09.30"]
[SourceQuality "1"]

1. e4 e5 2. Nf3 Nc6 3. Bb5 a6 4. Bxc6 dxc6 5. 0-0 Bd6 6. d4 exd4 7. Qxd4 f6 8. e5 fxe5 9. Nxe5 Be6 10. Nf3 Qd7 11. Re1 Ne7 12. Bg5 0-0 13. Bxe7 Qxe7 14. Nbd2 Qd7 15. Ne4 Rxf3 16. Nxd6 Rf6 17. Rad1 cxd6 18. Qxd6 Qxd6 19. Rxd6 Re8 20. f3 Bf7 21. Rxe8+ Bxe8 22. Rd8 Re6 23. Rb8 Re7 24. Kf2 Kf7 25. b4 Ke6 26. Rd8 Bg6 27. c4 Rd7 28. Rb8 Ke5 29. Ke3 Bf7 30. f4+ Kf6 31. Rf8 Ke7 32. Rh8 h6 33. c5 Bxa2 34. g4 Rd8 35. Rxd8 Kxd8 36. Kd4 Kc7 37. h4 b6 38. f5 bxc5+ 39. Kxc5 Bb1 40. Kd4 Kd6 0-1

[Event "GBR-ch 109th"]
[Site "Leicester"]
[Date "2023.07.22"]
[Round "1"]
[White "Smith, Olivia"]
[Black "Ashton, Adam"]
[Result "0-1"]
[WhiteElo "2042"]
[BlackElo "2314"]
[PlyCount "108"]
[EventDate "2023.07.22"]
[EventType "swiss"]
[EventRounds "9"]
[EventCountry "ENG"]
[SourceTitle "CBM 215 Extra"]
[Source "ChessBase"]
[SourceDate "2023.09.30"]
[SourceVersion "1"]
[SourceVersionDate "2023.09.30"]
[SourceQuality "1"]

1. e4 c5 2. Nf3 e6 3. d4 cxd4 4. Nxd4 a6 5. Nc3 Qc7 6. a3 b5 7. Be2 Bb7 8. 0-0 Nf6 9. Bf3 Nc6 10. Nxc6 dxc6 11. Qe2 e5 12. Bg5 Be7 13. Nd1 h6 14. Bxf6 Bxf6 15. Ne3 0-0 16. Rfd1 Rfd8 17. Rxd8+ Rxd8 18. Rd1 g6 19. h3 Bg5 20. Rd3 Rxd3 21. Qxd3 h5 22. Nd1 Bc8 23. Nc3 Kg7 24. Qd1 Be6 25. Ne2 a5 26. Nc1 Be7 27. Be2 Bc5 28. Nd3 Bb6 29. Qd2 Qd6 30. Qg5 f6 31. Qg3 Kf7 32. b4 Qd4 33. bxa5 Bxa5 34. Qe3 Qxe3 35. fxe3 Ke7 36. Kf2 Bc3 37. g4 h4 38. Nc5 Bc8 39. Bf1 Kd6 40. Nd3 Be6 41. Ke2 Bc4 42. Kf2 Kc7 43. Be2 g5 44. Bf1 Kb6 45. Be2 Be6 46. Bf1 Ka5 47. Ke2 Bc8 48. Nb4 Bxb4 49. axb4+ Kxb4 50. Kd2 Be6 51. Be2 Bc4 52. c3+ Kb3 53. Bd3 Bxd3 54. Kxd3 c5 0-1

[Event "ENG-ch Chessable"]
[Site "Kenilworth"]
[Date "2023.05.28"]
[Round "5"]
[White "Ashton, Adam"]
[Black "Hobson, Kenneth"]
[Result "1/2-1/2"]
[WhiteElo "2344"]
[BlackElo "2104"]
[PlyCount "110"]
[EventDate "2023.05.26"]
[EventType "swiss"]
[EventRounds "7"]
[EventCountry "ENG"]
[SourceTitle "CBM 214 Extra"]
[Source "ChessBase"]
[SourceDate "2023.07.31"]
[SourceVersion "1"]
[SourceVersionDate "2023.07.31"]
[SourceQuality "1"]

1. e4 e5 2. Nf3 Nc6 3. Bb5 a6 4. Ba4 Nf6 5. 0-0 b5 6. Bb3 Bc5 7. a4 Rb8 8. c3 d6 9. d4 Bb6 10. a5 Ba7 11. h3 Bb7 12. Be3 Nxe4 13. Re1 exd4 14. cxd4 Ne7 15. Nbd2 Nxd2 16. Bxd2 h6 17. Qe2 Bxf3 18. Qxf3 0-0 19. Re4 d5 20. Rf4 Ng6 21. Rg4 c6 22. Bc2 Qd6 23. Qf5 Rbd8 24. h4 Rfe8 25. h5 Nf8 26. Qf3 Re6 27. Bf4 Qe7 28. Be3 Bb8 29. Rc1 Rf6 30. Qh3 Ne6 31. Qh4 Re8 32. Bd3 Nd8 33. Bd2 Re6 34. Qh3 Kh8 35. g3 Qf6 36. Bf4 Qxd4 37. Bxh6 Qxd3 38. Bxg7+ Kh7 39. Bc3 Be5 40. Bxe5 Rxe5 41. Rf4 Re1+ 42. Rxe1 Rxe1+ 43. Kh2 Qb1 44. Qd7 Rh1+ 45. Kg2 Rxh5 46. Rxf7+ Nxf7 47. Qxf7+ Kh6 48. Qf6+ Qg6 49. Qh8+ Kg5 50. Qe5+ Qf5 51. Qg7+ Qg6 52. f4+ Kf5 53. Qe5+ Kg4 54. Qe2+ Kf5 55. Qe5+ Kg4 1/2-1/2

[Event "BCF-ch rapidplay 34th"]
[Site "Bingley"]
[Date "2023.04.16"]
[Round "11"]
[White "Ashton, Adam"]
[Black "Ghasi, Ameet K"]
[Result "0-1"]
[WhiteElo "2344"]
[BlackElo "2479"]
[PlyCount "65"]
[EventDate "2023.04.15"]
[EventType "swiss (rapid)"]
[EventRounds "11"]
[EventCountry "ENG"]
[SourceTitle "CBM 213 Extra"]
[Source "ChessBase"]
[SourceDate "2023.05.31"]
[SourceVersion "1"]
[SourceVersionDate "2023.05.31"]
[SourceQuality "1"]

1. e4 c5 2. Nf3 e6 3. g3 b6 4. Bg2 Bb7 5. Qe2 Nc6 6. 0-0 Rc8 7. c3 Nf6 8. Rd1 c4 9. e5 Nd5 10. b3 b5 11. bxc4 bxc4 12. Ba3 Bxa3 13. Nxa3 Ba6 14. Qe4 0-0 15. Nxc4 Bxc4 16. Qxc4 Nxe5 17. Qa6 Nc6 18. Rab1 Nde7 19. Rb7 d5 20. Rdb1 Nf5 21. Qa4 Nd6 22. R7b3 Nc4 23. d3 Nb6 24. Qh4 Qxh4 25. Nxh4 Ne5 26. Rd1 Na4 27. d4 Nc4 28. Nf3 Rc7 29. Rc1 Nd6 30. Ra3 Nb6 31. Ne5 Nb5 32. Nf3 Nd6 33. Bf1 0-1

[Event "BCF-ch rapidplay 34th"]
[Site "Bingley"]
[Date "2023.04.16"]
[Round "9"]
[White "Khoury, Theo"]
[Black "Ashton, Adam"]
[Result "1/2-1/2"]
[WhiteElo "2020"]
[BlackElo "2344"]
[PlyCount "100"]
[EventDate "2023.04.15"]
[EventType "swiss (rapid)"]
[EventRounds "11"]
[EventCountry "ENG"]
[SourceTitle "CBM 213 Extra"]
[Source "ChessBase"]
[SourceDate "2023.05.31"]
[SourceVersion "1"]
[SourceVersionDate "2023.05.31"]
[SourceQuality "1"]

1. e4 e5 2. Nf3 Nc6 3. d4 exd4 4. Nxd4 Bc5 5. Nb3 Bb6 6. Nc3 a5 7. a4 Nge7 8. Bg5 f6 9. Bf4 d6 10. Qd2 0-0 11. 0-0-0 Ng6 12. Be3 Bxe3 13. Qxe3 Be6 14. h4 Qe7 15. f4 f5 16. h5 Nh8 17. exf5 Bxb3 18. Qxe7 Nxe7 19. cxb3 Nxf5 20. Bc4+ Nf7 21. Rde1 Rae8 22. Kd2 c6 23. g4 d5 24. Bxd5 cxd5 25. gxf5 Nd6 26. Nxd5 Nxf5 27. Rxe8 Rxe8 28. Re1 Rd8 29. Re5 Ne7 30. Rxe7 Rxd5+ 31. Ke3 Rxh5 32. Rxb7 Rh2 33. Ra7 Rxb2 34. Rxa5 Rxb3+ 35. Ke4 h5 36. Kf5 h4 37. Kg4 h3 38. Rh5 Ra3 39. Rxh3 Rxa4 40. Rb3 Ra7 41. f5 Kf7 42. Kg5 Rc7 43. Rb6 Ra7 44. Rb8 Rc7 45. Rh8 Ra7 46. Rh1 Rb7 47. Rc1 Ra7 48. Rc6 Rb7 49. Rg6 Ra7 50. Rb6 Ke8 1/2-1/2

[Event "Blackpool op 46th"]
[Site "Blackpool"]
[Date "2023.02.11"]
[Round "3"]
[White "Ashton, Adam"]
[Black "Surtees, Michael"]
[Result "1-0"]
[WhiteElo "2344"]
[BlackElo "2059"]
[PlyCount "195"]
[EventDate "2023.02.10"]
[EventType "swiss"]
[EventRounds "5"]
[EventCountry "ENG"]
[SourceTitle "EXT 2024"]
[Source "ChessBase"]
[SourceDate "2023.10.10"]
[SourceVersion "1"]
[SourceVersionDate "2023.10.10"]
[SourceQuality "1"]

1. e4 c6 2. d4 d5 3. e5 Bf5 4. Nd2 e6 5. Nb3 Nd7 6. Nf3 h6 7. c3 Ne7 8. Be2 Qc7 9. 0-0 Bh7 10. a4 a6 11. a5 Nc8 12. c4 dxc4 13. Bxc4 Na7 14. Bd2 Be7 15. Rc1 Qd8 16. Qe2 0-0 17. Rfd1 Nb5 18. h3 Nc7 19. Nh2 Nd5 20. Ng4 Bg5 21. Bd3 Bxd3 22. Qxd3 Bxd2 23. Qxd2 Qh4 24. Re1 h5 25. Nh2 Rad8 26. Nf3 Qf4 27. Qxf4 Nxf4 28. Rc4 f6 29. exf6 Rxf6 30. Ng5 Rf5 31. Ne4 Rb5 32. Re3 Nf6 33. Nec5 h4 34. Kh2 N6d5 35. Re4 Nd3 36. Re2 N5f4 37. Rd2 Nxc5 38. Nxc5 e5 39. b4 b6 40. axb6 Rxb6 41. g3 hxg3+ 42. fxg3 Nh5 43. Ne4 exd4 44. Rdxd4 Rxd4 45. Rxd4 Nf6 46. Nxf6+ gxf6 47. Kg2 Kf7 48. Kf3 Rb5 49. Rc4 Kg6 50. h4 a5 51. bxa5 Rxa5 52. Rxc6 Ra3+ 53. Kg4 Ra4+ 54. Kh3 Rb4 55. Rc3 Ra4 56. Rf3 Rb4 57. g4 Rb5 58. Kg3 Ra5 59. Re3 Rb5 60. Kf4 Rb4+ 61. Re4 Rb1 62. h5+ Kf7 63. Re3 Rb4+ 64. Kg3 Rb1 65. Ra3 Rb7 66. Ra4 Kg7 67. Kf4 Rb1 68. Ra7+ Kh6 69. Rf7 Rf1+ 70. Kg3 Rg1+ 71. Kf3 Rf1+ 72. Kg2 Rf4 73. Kg3 Rf1 74. Rf8 Kg7 75. Ra8 Rg1+ 76. Kf3 Rf1+ 77. Kg2 Rf4 78. Kg3 Rf1 79. Ra7+ Kg8 80. Rb7 Rg1+ 81. Kf4 Rf1+ 82. Ke4 Rf2 83. Ra7 Rf1 84. h6 Rh1 85. Kf5 Rxh6 86. Ra6 Rh1 87. Kg6 Kf8 88. Rxf6+ Kg8 89. Ra6 Kf8 90. g5 Rb1 91. Ra8+ Ke7 92. Kg7 Rb7 93. g6 Ke6+ 94. Kh8 Rb1 95. g7 Rh1+ 96. Kg8 Ke7 97. Ra2 Rh2 98. Rxh2 1-0

[Event "Blackpool op 46th"]
[Site "Blackpool"]
[Date "2023.02.11"]
[Round "2"]
[White "Bryant, Harry"]
[Black "Ashton, Adam"]
[Result "0-1"]
[WhiteElo "1686"]
[BlackElo "2344"]
[PlyCount "34"]
[EventDate "2023.02.10"]
[EventType "swiss"]
[EventRounds "5"]
[EventCountry "ENG"]
[SourceTitle "EXT 2024"]
[Source "ChessBase"]
[SourceDate "2023.10.10"]
[SourceVersion "1"]
[SourceVersionDate "2023.10.10"]
[SourceQuality "1"]

1. d4 d5 2. c4 e6 3. Nf3 Nf6 4. Nc3 c5 5. cxd5 exd5 6. Bg5 Be6 7. Bxf6 Qxf6 8. e4 dxe4 9. Nxe4 Qf4 10. Bb5+ Nc6 11. Qe2 cxd4 12. Nxd4 Bb4+ 13. Kf1 0-0 14. Nxc6 bxc6 15. Bxc6 Rac8 16. Bb5 Rc1+ 17. Qd1 Rxd1+ 0-1

[Event "Scarborough op"]
[Site "Scarborough"]
[Date "2022.10.28"]
[Round "1"]
[White "Ashton, Adam"]
[Black "Jaszkiwskyj, Peter"]
[Result "1/2-1/2"]
[WhiteElo "2357"]
[BlackElo "1874"]
[PlyCount "78"]
[EventDate "2022.10.28"]
[EventType "swiss"]
[EventRounds "5"]
[EventCountry "ENG"]
[SourceTitle "EXT 2024"]
[Source "ChessBase"]
[SourceDate "2023.10.10"]
[SourceVersion "1"]
[SourceVersionDate "2023.10.10"]
[SourceQuality "1"]

1. Nf3 Nf6 2. g3 c5 3. Bg2 Nc6 4. 0-0 d5 5. c4 d4 6. e3 e5 7. exd4 exd4 8. Re1+ Be7 9. d3 0-0 10. h3 h6 11. g4 Re8 12. Nbd2 Qc7 13. Nf1 Bd7 14. a3 a5 15. Bd2 Bd6 16. Qb3 a4 17. Rxe8+ Bxe8 18. Qc2 Na5 19. Re1 Bd7 20. Re2 Nb3 21. Be1 Bc6 22. N1d2 Nxd2 23. Bxd2 Bf4 24. Qc1 Bxd2 25. Qxd2 Re8 26. Rxe8+ Nxe8 27. Qe2 Nf6 28. Nh4 Bxg2 29. Kxg2 g6 30. Nf3 Kf8 31. Ne5 Nd7 32. Nxd7+ Qxd7 33. Qe5 Qc6+ 34. Kg3 Kg8 35. h4 Qh1 36. Qe8+ Kg7 37. Qe5+ Kg8 38. Qe8+ Kg7 39. Qe5+ Kg8 1/2-1/2

[Event "BCF-chT 2223 (4NCL)"]
[Site "England"]
[Date "2022.10.22"]
[Round "1.4"]
[White "Ashton, Adam"]
[Black "Burnett, Jim"]
[Result "1-0"]
[WhiteElo "2357"]
[BlackElo "2084"]
[PlyCount "89"]
[EventDate "2022.10.22"]
[EventType "team-swiss"]
[EventRounds "11"]
[EventCountry "ENG"]
[SourceTitle "CBM 210 Extra"]
[Source "ChessBase"]
[SourceDate "2022.11.30"]
[SourceVersion "1"]
[SourceVersionDate "2022.11.30"]
[SourceQuality "1"]
[WhiteTeam "Chessable White Rose"]
[BlackTeam "Chessable White Rose II"]
[WhiteTeamCountry "ENG"]
[BlackTeamCountry "ENG"]

1. Nf3 d5 2. g3 Nf6 3. Bg2 c6 4. 0-0 Bf5 5. c4 e6 6. cxd5 exd5 7. d3 Be7 8. Nc3 0-0 9. Nd4 Bc8 10. e4 dxe4 11. dxe4 Bc5 12. Nb3 Qxd1 13. Rxd1 Bb6 14. h3 Nbd7 15. Bf4 Nc5 16. Nxc5 Bxc5 17. a3 a5 18. Na4 Ba7 19. Rac1 Be6 20. Nc5 Bxc5 21. Rxc5 a4 22. Rc3 Rfd8 23. Rcd3 Rxd3 24. Rxd3 Kf8 25. Be5 Nd7 26. Bd6+ Ke8 27. f4 f6 28. Rd4 Ra6 29. Bf1 b5 30. Bb4 Nb6 31. Rd6 Bd7 32. e5 fxe5 33. fxe5 Nc8 34. Rd4 Ne7 35. Bd3 Bxh3 36. Bxh7 Be6 37. Rd6 Bd5 38. e6 Ra7 39. Bd3 g6 40. Bc5 Rb7 41. g4 Bf3 42. g5 Bd5 43. Bd4 b4 44. Bf6 bxa3 45. Bxg6+ 1-0

[Event "Ilkley op 1st"]
[Site "Ilkley"]
[Date "2022.09.18"]
[Round "5"]
[White "Wall, Tim"]
[Black "Ashton, Adam"]
[Result "1-0"]
[WhiteElo "2290"]
[BlackElo "2357"]
[PlyCount "63"]
[EventDate "2022.09.16"]
[EventType "swiss"]
[EventRounds "5"]
[EventCountry "ENG"]
[SourceTitle "EXT 2023"]
[Source "ChessBase"]
[SourceDate "2022.10.05"]
[SourceVersion "1"]
[SourceVersionDate "2022.10.05"]
[SourceQuality "1"]

1. d4 d5 2. Nc3 Nf6 3. Bf4 g6 4. e3 Bg7 5. Nb5 Na6 6. h3 0-0 7. Nf3 Ne4 8. Bd3 c6 9. Nc3 Nxc3 10. bxc3 Qa5 11. Qd2 c5 12. h4 h5 13. Ne5 c4 14. Be2 Nc7 15. g4 hxg4 16. h5 gxh5 17. Rxh5 Nb5 18. Nxg4 Bxg4 19. Bxg4 Qxc3 20. Rb1 Qxd2+ 21. Kxd2 Nd6 22. Bxd6 exd6 23. Rxb7 Rfb8 24. Rxb8+ Rxb8 25. Rxd5 Bf8 26. Ra5 Rb1 27. Rxa7 d5 28. Bh5 Bb4+ 29. Ke2 Re1+ 30. Kf3 Rc1 31. Bxf7+ Kf8 32. Bg6 1-0

[Event "ENG-ch Chessable"]
[Site "Kenilworth"]
[Date "2022.05.21"]
[Round "5"]
[White "Duncan, Patrick"]
[Black "Ashton, Adam"]
[Result "1/2-1/2"]
[WhiteElo "2013"]
[BlackElo "2366"]
[PlyCount "86"]
[EventDate "2022.05.19"]
[EventType "swiss"]
[EventRounds "7"]
[EventCountry "ENG"]
[SourceTitle "CBM 208 Extra"]
[Source "ChessBase"]
[SourceDate "2022.07.31"]
[SourceVersion "1"]
[SourceVersionDate "2022.07.31"]
[SourceQuality "1"]

1. b3 e5 2. Bb2 Nc6 3. e3 d5 4. Bb5 Bd6 5. f4 f6 6. Qh5+ g6 7. Qh4 Nge7 8. Qxf6 Rf8 9. Qh4 exf4 10. exf4 Rxf4 11. Qxh7 Be6 12. Ne2 Rf7 13. Qh8+ Rf8 14. Qh4 Qd7 15. Nbc3 0-0-0 16. 0-0-0 a6 17. Bxc6 Nxc6 18. Rdf1 d4 19. Ne4 d3 20. Nxd6+ Qxd6 21. Rxf8 Rxf8 22. Nd4 Nxd4 23. Qxd4 Qxh2 24. Qg1 Qxg1+ 25. Rxg1 Bf5 26. cxd3 Bxd3 27. Bd4 Rf4 28. Be3 Rf6 29. Kb2 b6 30. Kc3 Be4 31. Kd4 Re6 32. g4 c5+ 33. Kc3 Kd7 34. g5 Kc6 35. Rf1 Bf5 36. Rh1 Rd6 37. Rh8 Rd3+ 38. Kb2 a5 39. Rf8 Rd6 40. Kc3 Rd3+ 41. Kb2 Rd6 42. Kc3 Rd3+ 43. Kb2 Rd6 1/2-1/2

[Event "ENG-ch Chessable"]
[Site "Kenilworth"]
[Date "2022.05.19"]
[Round "2"]
[White "Ashton, Adam"]
[Black "Pert, Richard G"]
[Result "1/2-1/2"]
[WhiteElo "2366"]
[BlackElo "2415"]
[PlyCount "88"]
[EventDate "2022.05.19"]
[EventType "swiss"]
[EventRounds "7"]
[EventCountry "ENG"]
[SourceTitle "CBM 208 Extra"]
[Source "ChessBase"]
[SourceDate "2022.07.31"]
[SourceVersion "1"]
[SourceVersionDate "2022.07.31"]
[SourceQuality "1"]

1. e4 c6 2. d4 d5 3. exd5 cxd5 4. Nf3 Nf6 5. Ne5 g6 6. Bb5+ Nbd7 7. 0-0 Bg7 8. Re1 0-0 9. Nf3 Ne4 10. Bd3 e5 11. c3 Nxf2 12. Kxf2 e4 13. Bxe4 dxe4 14. Rxe4 b5 15. Nbd2 Bb7 16. Re1 b4 17. Kg1 bxc3 18. bxc3 Qc7 19. Ba3 Rfe8 20. Qb3 Nb6 21. Bc5 Bh6 22. Qb5 Bc6 23. Qd3 Nd5 24. Ne4 Bg7 25. Bd6 Qd8 26. Be5 f6 27. Bg3 Qa5 28. c4 Nb4 29. Qb1 f5 30. Ned2 Rxe1+ 31. Bxe1 Qd8 32. Bf2 Rb8 33. a3 Nd5 34. Qc2 Nf6 35. Ne5 Ba8 36. Rb1 Rxb1+ 37. Qxb1 Ne4 38. Nxe4 Bxe4 39. Qb5 Bxe5 40. Qxe5 Qg5 41. Qe6+ Kg7 42. Qe5+ Kg8 43. Qe6+ Kg7 44. Qe5+ Kg8 1/2-1/2

[Event "Ilkley EJCOA 3rd"]
[Site "Ilkley"]
[Date "2022.02.27"]
[Round "8"]
[White "Willow, Jonah B"]
[Black "Ashton, Adam"]
[Result "1/2-1/2"]
[WhiteElo "2365"]
[BlackElo "2379"]
[PlyCount "43"]
[EventDate "2022.02.23"]
[EventType "tourn"]
[EventRounds "9"]
[EventCountry "ENG"]
[EventCategory "4"]
[SourceTitle "CBM 207 Extra"]
[Source "ChessBase"]
[SourceDate "2022.05.31"]
[SourceVersion "1"]
[SourceVersionDate "2022.05.31"]
[SourceQuality "1"]

1. Nf3 d5 2. g3 Nf6 3. Bg2 e6 4. 0-0 Be7 5. c4 0-0 6. b3 b6 7. Bb2 c5 8. Nc3 Bb7 9. e3 Qc8 10. Qe2 Rd8 11. Rfd1 Nc6 12. cxd5 Nxd5 13. Nxd5 Rxd5 14. d4 cxd4 15. Nxd4 Nxd4 16. exd4 Rd7 17. d5 Bxd5 18. Rxd5 exd5 19. Bh3 Bf8 20. Qb5 Qc2 21. Qxd7 Qxb2 22. Rf1 1/2-1/2